Etiqueta de registo: 00230nam 2200025 450
001 2211722
003 http://id.bnportugal.gov.pt/bib/catbnp/2211722
010 ## $a978-989-37-5946-2
021 ## $aPT$b518323/23
100 ## $a20250416d2024 cd y0pory01030103ba
101 0# $apor
102 ## $aPT
105 ## $aa z 000fy
106 ## $ar
200 1# $aDe onde vêm as estrelas$fRita Berberan$gil. Rita Navarro
210 #9 $aLisboa$cFlamingo,$d2024
215 ## $a[48]$cil.$d18 cm
675 ## $a087.5$vBN$zpor$3287999
675 ## $a821.134.3-93"20"$vBN$zpor$31046482
700 #1 $aBerberan,$bRita$31860733
702 #1 $aNavarro,$bRita$4440$31952454
801 #0 $aPT$bBN$gRPC
856 41 $uhttp://rnod.bnportugal.gov.pt/ImagesBN/winlibimg.aspx?skey=&doc=2211722&img=207174&save=true
900 ## $aBIBNAC$d20250502
966 ## $lBN$mFGMON$sP. 69613 V.$x1
966 ## $lBN$mFGMON$sP. 69613 V.-D$x1
971 ## $cisantos$d20250416
972 ## $e0$z0$d20250502$viquintas
973 ## $cacosta$d2025042
Etiqueta de registo: 00230nam 2200025 450
001 2281058
003 http://id.bnportugal.gov.pt/bib/catbnp/2281058
010 ## $a978-989-33-8700-9
021 ## $aPT$b555581/25
100 ## $a20260317d2025 cd y0pory01030103ba
101 0# $apor
102 ## $aPT
105 ## $aa z 000fy
106 ## $ar
200 1# $a A Cuca e a Mimi$fFilipa Brazão Almeida$gil. Rita Navarro
205 ## $a1ª ed
210 #9 $a[S.l.$cs.n.],$d2025$g(ACD Print)
215 ## $a[32]$cil.$d23 cm
675 ## $a087.5$vBN$zpor$3287999
675 ## $a821.134.3-93"20"$vBN$zpor$31046482
700 #1 $aAlmeida,$bFilipa Brazão$31991909
702 #1 $aNavarro,$bRita$4440$31952454
801 #0 $aPT$bBN$gRPC
856 41 $uhttp://rnod.bnportugal.gov.pt/ImagesBN/winlibimg.aspx?skey=&doc=2281058&img=220604&save=true
900 ## $aBIBNAC$d20260406
966 ## $lBN$mFGMON$sP. 72451 V.$x1
966 ## $lBN$mFGMON$sP. 72451 V.-D$x1
971 ## $corlando$d20260317
972 ## $e0$z0$d20260406$vlrevez
973 ## $ctrodrigues$d20260320